Mi amigo tiene miedo / (Record no. 159727)

MARC details
000 -CABECERA
campo de control de longitud fija 00684nam a2200217 u 4500
005 - FECHA Y HORA DE LA ÚLTIMA TRANSACCIÓN
campo de control 20240517063651.0
008 - ELEMENTOS DE LONGITUD FIJA--INFORMACIÓN GENERAL
campo de control de longitud fija 121017s2001 r 000 0 eng d
020 ## - NÚMERO INTERNACIONAL NORMALIZADO PARA LIBROS
Número Internacional Estándar del Libro 9789682463747
035 ## - NÚMERO DE CONTROL DEL SISTEMA
Número de control de sistema UPN01000187624
049 ## - COLECCIÓN
Colección I
050 #4 - SIGNATURA TOPOGRÁFICA DE LA BIBLIOTECA DEL CONGRESO
Número de clasificación PZ75
Número de documento/Ítem T5.5
100 1# - ASIENTO PRINCIPAL--NOMBRE PERSONAL
Nombre de persona Robles Boza, Eduardo,
Fechas asociadas al nombre 1941-2012
9 (RLIN) 29633
245 10 - MENCIÓN DE TÍTULO
Título Mi amigo tiene miedo /
Mención de responsabilidad, etc. Eduardo Robles Boza ; il. de Silvia Luz Alvarado.
260 ## - PUBLICACIÓN, DISTRIBUCIÓN, ETC.
Lugar de publicación, distribución, etc. México :
Nombre del editor, distribuidor, etc. Trillas,
Fecha de publicación, distribución, etc. 2001.
300 ## - DESCRIPCIÓN FÍSICA
Extensión [32] p. :
Otras características físicas principalmente il. col.
440 #4 - MENCIÓN DE SERIE/ASIENTO SECUNDARIO--TÍTULO
Título Los problemas de mi amigo
650 #7 - ASIENTO SECUNDARIO DE MATERIA - TERMINO TEMATICO
Término de materia o nombre geográfico como elemento de entrada Libros ilustrados para niños
Fuente del encabezamiento o término
9 (RLIN) 21365
650 #4 - ASIENTO SECUNDARIO DE MATERIA - TERMINO TEMATICO
Término de materia o nombre geográfico como elemento de entrada Miedo
Subdivisión de forma Literatura infantil
9 (RLIN) 12306
905 ## - TIPO DE MATERIAL
Tipo de material Infantil
Holdings
Estado de retiro Estado de pérdida Fuente del sistema de clasificación o colocación Estado dañado No para préstamo Código de colección Localización permanente Ubicación/localización actual Ubicación en estantería Fecha de adquisición Total de préstamos Clasificación Código de barras Fecha visto por última vez Número de copia Tipo de ítem Koha
    Library of Congress Classification     Infantil Bib. Gregorio Torres Quintero Bib. Gregorio Torres Quintero Sala infantil Planta baja 10/05/2023 2 PZ75 T5.5 284848 31/12/2020 1 Libro